000 00394nam a22001577a 4500
005 20250806103821.0
008 250806b |||||||| |||| 00| 0 eng d
082 _a005.8
_bMIN-K
100 _aMining, Ethem
245 _aKali Linux /
260 _aIndia:
_bPearson;
_c2018.
300 _axiv, 90 p. :
_bill;
_c22 cm.
500 _ainclude index.
650 _aComputer Science
999 _c37008
_d37008